|
|
|
|
| LEADER |
00000nas a2200000 a 4500 |
| 001 |
ssj0010315 |
| 003 |
WaSeSS |
| 005 |
20200512172242.0 |
| 006 |
m d |
| 007 |
cr n |
| 008 |
050614c18439999enkwn pbs 0 0eng c |
| 010 |
|
|
|a 2012236713
|
| 016 |
7 |
|
|a 000264074
|2 IsJJNL
|
| 016 |
7 |
|
|a 007846507
|2 Uk
|
| 022 |
|
|
|y 0013-0613
|
| 030 |
|
|
|a EONOEH
|
| 035 |
|
|
|a (WaSeSS)ssj0010315
|
| 037 |
|
|
|b The Economist, Subscription Dept., P.O. Box 58524, Boulder, CO 80322-8524
|
| 040 |
|
|
|a OCLCS
|b eng
|e pn
|c OCLCS
|d CUD
|d TXJ
|d CO3
|d NOC
|d OCLCE
|d SFB
|d CSU
|d OCLCO
|d OCL
|d COO
|d OCLCO
|d UMC
|d OCLCQ
|d OCLCO
|d SGB
|d OCLCF
|d OCLCO
|d OCLCQ
|d MFS
|d OCLCO
|d DLC
|d OCLCA
|d OCLCQ
|d CNKUC
|d VT2
|d ZAC
|d ZQP
|d RECBK
|d WT2
|d AU@
|d UKMGB
|d TEFOD
|d XFH
|d DCWBL
|d J9U
|d BLBSF
|d MUX
|d OCLCQ
|d OCLCA
|d DLC
|d CUY
|d AUD
|d WaSeSS
|
| 042 |
|
|
|a pcc
|a dlr
|
| 043 |
|
|
|a e-uk---
|
| 050 |
1 |
4 |
|a HG11
|
| 070 |
0 |
|
|a 286.8
|b Ec7
|
| 082 |
0 |
4 |
|a 330/.05
|2 19
|
| 130 |
0 |
|
|a Economist (London, England : 1843 : Online)
|
| 245 |
1 |
4 |
|a The economist
|h [electronic resource].
|
| 246 |
1 |
|
|a Economist online
|
| 260 |
|
|
|a London :
|b [Economist Newspaper Ltd.]
|
| 310 |
|
|
|a Weekly (except for combined issue the last week in Dec. and the first week in Jan.),
|b 26 Dec. 1981/8 Jan. 1982-<Feb. 3-9, 1996>
|
| 321 |
|
|
|a Weekly,
|b Sept. 2, 1843-19/25 Dec. 1981
|
| 362 |
1 |
|
|a Began with no. 1 (Sept. 2, 1843).
|
| 500 |
|
|
|a Preceded by a preliminary number, dated Aug. 1843.
|
| 500 |
|
|
|a News coverage of Great Britain reduced by approximately 50%, except in copies distributed in Britain, fall 1994-
|
| 506 |
|
|
|a License restrictions may limit access.
|
| 525 |
|
|
|a Includes supplements: Monthly trade supplement, 1861- ; Reports of the joint stock banks of the United Kingdom (semiannual), 1861-1910; Commercial history and review (annual), 1864-1911; and others.
|
| 538 |
|
|
|a Master and use copy. Digital master created according to Benchmark for Faithful Digital Reproductions of Monographs and Serials, Version 1. Digital Library Federation, December 2002.
|u http://purl.oclc.org/DLF/benchrepro0212
|5 MiAaHDL
|
| 583 |
1 |
|
|a digitized
|c 2010
|h HathiTrust Digital Library
|l committed to preserve
|2 pda
|5 MiAaHDL
|
| 588 |
|
|
|a Description based on print version record.
|
| 588 |
|
|
|a Latest issue consulted: Volume 401, number 8765 (December 2011-January 6, 2012) (Gale, Cengage Learning, Website, viewed Jan. 28, 2015).
|
| 650 |
|
0 |
|a Economic history
|v Periodicals.
|
| 650 |
|
0 |
|a Finance
|v Periodicals.
|
| 650 |
|
0 |
|a Securities
|z Great Britain
|v Periodicals.
|
| 650 |
|
2 |
|a Commerce.
|
| 650 |
|
2 |
|a Economics.
|
| 650 |
|
6 |
|a Histoire économique
|v Périodiques.
|
| 650 |
|
6 |
|a Finances
|v Périodiques.
|
| 650 |
|
7 |
|a Commerce.
|2 eclas
|
| 650 |
|
7 |
|a Finances.
|2 eclas
|
| 650 |
|
7 |
|a Hebdomadaires.
|2 eclas
|
| 650 |
|
7 |
|a Economie internationale.
|2 eclas
|
| 650 |
|
7 |
|a Histoire économique.
|2 eclas
|
| 650 |
|
7 |
|a Commerce.
|2 fast
|0 (OCoLC)fst00869279
|
| 650 |
|
7 |
|a Economic history.
|2 fast
|0 (OCoLC)fst00901974
|
| 650 |
|
7 |
|a Finance.
|2 fast
|0 (OCoLC)fst00924349
|
| 650 |
|
7 |
|a Securities.
|2 fast
|0 (OCoLC)fst01110743
|
| 650 |
1 |
7 |
|a Economie.
|2 gtt
|
| 650 |
1 |
7 |
|a Economische situatie.
|2 gtt
|
| 650 |
1 |
7 |
|a Weekbladen.
|2 gtt
|
| 650 |
|
7 |
|a Periodicals.
|x HISTORIA ECONOMICA.
|2 publicaciones periodicas
|
| 650 |
|
7 |
|a renib
|x FINANZAS.
|2 publicaciones periodicas
|
| 650 |
|
7 |
|a renib
|z VALORES
|x GRAN BRETANA.
|2 publicaciones periodicas
|
| 650 |
|
7 |
|a renib
|x COMERCIO.
|2 publicaciones periodicas
|
| 650 |
|
7 |
|a HISTORIA ECONOMICA
|x PUBLICACIONES PERIODICAS.
|2 renib
|
| 650 |
|
7 |
|a FINANZAS
|x PUBLICACIONES PERIODICAS.
|2 renib
|
| 650 |
|
7 |
|a VALORES
|z GRAN BRETANA
|x PUBLICACIONES PERIODICAS.
|2 renib
|
| 650 |
|
7 |
|a COMERCIO
|x PUBLICACIONES PERIODICAS.
|2 renib
|
| 650 |
1 |
7 |
|a INTERNATIONAL NEWS.
|2 unbist
|
| 650 |
1 |
7 |
|a WORLD POLITICS.
|2 unbist
|
| 650 |
1 |
7 |
|a BUSINESS.
|2 unbist
|
| 650 |
1 |
7 |
|a FINANCE.
|2 unbist
|
| 650 |
1 |
7 |
|a CURRENT EVENTS.
|2 unbist
|
| 651 |
|
0 |
|a Great Britain
|x Commerce
|v Periodicals.
|
| 651 |
|
7 |
|a Great Britain.
|2 fast
|0 (OCoLC)fst01204623
|
| 653 |
0 |
|
|a Business
|a Economics
|a Business, international
|
| 655 |
|
0 |
|a Electronic journals.
|
| 740 |
0 |
2 |
|a Monthly trade supplement.
|
| 740 |
0 |
2 |
|a Reports of the joint stock banks of the United Kingdom.
|
| 740 |
0 |
2 |
|a Commercial history and review.
|
| 770 |
0 |
|
|t World in ... (London, England)
|w (OCoLC)704444620
|
| 775 |
1 |
|
|t Economist
|
| 775 |
0 |
8 |
|i Spanish language edition:
|t Economist
|g 1967-mayo 3, 1968
|w (OCoLC)656535996
|
| 775 |
0 |
8 |
|i Spanish language edition:
|t Economist para América Latina
|g mayo 15, 1968-1970
|w (OCoLC)761459347
|
| 776 |
0 |
8 |
|i Print version:
|t Economist (London, England : 1843)
|x 0013-0613
|w (DLC) 08017464
|w (OCoLC)1081684
|
| 787 |
0 |
8 |
|i Searchable online database:
|t Economist historical archive
|w (OCoLC)192095804
|
| 856 |
4 |
0 |
|z Full text available from Research Library: 01/04/1992 to present
|u https://search.proquest.com/publication/41716
|